00862cam a2200253 45000010005000000030008000050050017000130080041000300200015000710350018000860400034001040410008001380820015001461000022001612450086001832600050002693000035003194900082003545040029004366500017004658300012004827000039004948300075005338381BD-RjUL20211208234558.0140118s1971 nyua b 001 0 eng d a0444000593 a(BD-RjUL)8426 aDLCcDLCdDLCd(BD-RjUL)beng aeng00a519.3bPAS1 aParthasarathy, T.10aSome topics in two-person games /c[by] T. Parthasarathy [and] T. E. S. Raghavan. aNew York,bAmerican Elsevier Pub. Co.,c1971. axi, 259 p. :billus. ;c24 cm.1 aModern analytic and computational methods in science and mathematics,vno. 22 aIncludes bibliographies. 0aGame theory. 0vno. 22.1 aRaghavan, T. E. S.,ejoint author. 0aModern analytic and computational methods in science and mathematics ;